| 000 | 00375pab a2200145 454500 | ||
|---|---|---|---|
| 008 | 180718b1985 xxu||||| |||| 00| 0 eng d | ||
| 100 | _aSinha, V.C. | ||
| 245 |
_aResolving India's urbanisation problems _bThe Gandhian way |
||
| 260 | _c1985 | ||
| 300 | _a365-73 | ||
| 362 | _aJune | ||
| 650 | _aCities And Towns - Growth - India | ||
| 773 | _aKhadi Gramodyog | ||
| 909 | _a5377 | ||
| 999 |
_c5377 _d5377 |
||